| 000 | 01040nam a22002657a 4500 | ||
|---|---|---|---|
| 999 |
_c8678 _d8678 |
||
| 003 | AR-CdUCM | ||
| 008 | 190325b ||||| |||| 00| 0 spa d | ||
| 040 |
_aMUNICIPALIDAD PROVINCIAL DEL CUSCO _cBIBLIOTECA MUNICIPAL DEL CUSCO |
||
| 041 | _hita | ||
| 082 |
_a170 / _bZ85 |
||
| 100 |
_aZolla, Elémire _923488 |
||
| 245 |
_aLos Moralistas modernos : _bMann, Kafka, Freud, Proust, Gide, Croce, Weil, Eliot, Adorno, Valéry, Musil, Pasternak, Hofmannisthal / |
||
| 260 |
_aMéxico D. F. : _bUTEHA, _c1962. |
||
| 300 |
_aV, 201 páginas ; _c17 cm. |
||
| 440 |
_aManuales Uteha. _n139/139a _924253 |
||
| 440 |
_aFilosofía sección. _n7 _923542 |
||
| 505 | _aContenido: El moralismo -- El yo -- El inconsciente -- La sociedad -- La inteligencia -- El amor -- La amistad -- El arte ... | ||
| 650 |
_aMoral _94056 |
||
| 650 |
_aMoralistas modernos _924254 |
||
| 650 |
_aFilosofía _9395 |
||
| 700 |
_aMoreno Cañadas, Carlos (traducción) _924255 |
||
| 700 |
_aMoravia, Alberto (introducción) _924256 |
||
| 942 |
_2ddc _cLIBROS |
||
| 945 | _aachl | ||